[Event "GER-chT U14"]
[White "Popovici, Liviu Daniel"]
[Black "Timmermann, Aaron Frederik"]
[Site "Willingen"]
[Round "4.5"]
[Result "1/2-1/2"]
[Date "2021.06.25"]
[WhiteElo "1505"]
[BlackElo "1399"]
[PlyCount "48"]
[EventDate "2021.06.23"]
[EventType "team-swiss"]
[EventRounds "7"]
[EventCountry "GER"]
[SourceTitle "EXT 2022"]
[Source "ChessBase"]
[SourceDate "2021.10.06"]
[SourceVersion "1"]
[SourceVersionDate "2021.10.06"]
[SourceQuality "1"]
[WhiteTeam "Vaterstetten Grasbrunn"]
[BlackTeam "Muenster 32"]
[WhiteTeamCountry "GER"]
[BlackTeamCountry "GER"]

1. e4 c5 2. Nf3 Nc6 3. d4 cxd4 4. Nxd4 e5 5. Nb5 d6 6. N1c3 a6 7. Na3 b5 8. Nd5 Nf6 9. Bg5 Be7 10. Bxf6 Bxf6 11. c3 0-0 12. Be2 Bg5 13. 0-0 Be6 14. Nc2 Bxd5 15. exd5 Ne7 16. Qd3 Qd7 17. h3 Qb7 18. Rfd1 Rfc8 19. Ne3 Bxe3 20. fxe3 f5 21. e4 Qb6+ 22. Kh1 fxe4 23. Qxe4 Rf8 24. Rf1 Ng6 1/2-1/2